Statistics for Civilization V Wonder Real Locations

Click here to take the quiz!

General Stats

  • This quiz has been taken 127 times
  • The average score is 40 of 47

Answer Stats

EraNameLocation% Correct
AncientPyramidsEgypt
95%
AncientTemple of ArtemisGreece
95%
ModernEiffel TowerFrance
94%
AncientStonehengeUnited Kingdom
94%
IndustrialBig BenUnited Kingdom
94%
ModernStatue of LibertyUnited States
94%
AtomicSydney Opera HouseAustralia
93%
ClassicalGreat WallChina
93%
MedievalNotre DameFrance
93%
IndustrialLouvreFrance
93%
IndustrialBrandenburg GateGermany
93%
AncientStatue of ZeusGreece
93%
RenaissanceTaj MahalIndia
93%
RenaissanceLeaning Tower of PisaItaly
93%
AtomicPentagonUnited States
93%
ModernBroadwayUnited States
93%
ModernNeuschwansteinGermany
92%
ClassicalParthenonGreece
92%
ClassicalTerracotta ArmyChina
91%
ModernKremlinRussia
91%
ClassicalColossusGreece
90%
RenaissanceHimeji CastleJapan
90%
ModernCristo RedentorBrazil
89%
RenaissanceForbidden PalaceChina
89%
ClassicalOracleGreece
89%
MedievalMachu PicchuPeru
89%
AncientGreat LibraryEgypt
88%
MedievalChichen ItzaMexico
88%
ClassicalGreat LighthouseEgypt
86%
RenaissanceGlobe TheatreUnited Kingdom
86%
MedievalAngkor WatCambodia
85%
ClassicalHanging GardensIraq
84%
MedievalHagia SophiaTurkey
82%
InformationCN TowerCanada
80%
InformationInternational Space StationSpace
80%
RenaissanceSistine ChapelVatican City
80%
ClassicalPetraJordan
79%
InformationHubble Space TelescopeSpace
78%
MedievalAlhambraSpain
77%
AncientMausoleum of HalicarnassusTurkey
76%
RenaissancePorcelain TowerChina
75%
AtomicGreat FirewallChina
72%
RenaissanceUffiziItaly
67%
MedievalGreat Mosque of DjenneMali
63%
ModernProraGermany
59%
RenaissanceRed FortIndia
58%
MedievalBorobudurIndonesia
52%

Score Distribution

Percentile by Number Answered

Percent of People with Each Score

Your Score History

You have not taken this quiz